Statistics for US States and Countries in Hitman

Click here to take the quiz!

General Stats

  • This quiz has been taken 136 times
  • The average score is 19 of 40

Answer Stats

HintAnswer% Correct
CountryFrance
89%
US StateColorado
82%
CountryJapan
82%
CountryItaly
81%
US StateNew York
78%
CountryUnited Kingdom
78%
CountryChina
73%
CountryRussia
72%
CountryMorocco
71%
US StateCalifornia
66%
CountryThailand
66%
CountryGermany
65%
CountryIndia
63%
CountryColombia
58%
US StateWashington
57%
CountryRomania
52%
CountryDenmark (Greenland)
51%
US StateNevada
48%
CountryMexico
45%
US StateIllinois
44%
US StateSouth Dakota
41%
CountryNetherlands
40%
US StateMaryland
37%
CountryChile
36%
CountryGreece
36%
US StateMississippi
36%
CountryAfghanistan
34%
CountryHungary
32%
US StateLouisiana
32%
US StateVirginia
30%
CountryPortugal
29%
CountryTurkey
29%
CountryMalaysia
28%
US StatePennsylvania
26%
CountryNiger
18%
CountryChad
15%
CountryNepal
15%
CountryJamaica
12%
CountrySudan
11%
CountryCyprus
9%

Score Distribution

Percentile by Number Answered

Percent of People with Each Score

Your Score History

You have not taken this quiz